000 00560nam a2200181 4500
001 119623
003 ES-MaACL
005 20230906191345.0
007 t|
008 070214s1946 sz r ||||1| fre d
245 0 4 _aLes periodiques pour la jeunesse.
260 _aGeneve :
_bBureau International d'education,
_c1936.
300 _a106 p. ;
_c24 cm.
490 1 _aPublications du bureau international d'education ;
_v46
830 0 _aPublications du bureau international d'education ;
_v46
_9181740
852 _aES-MaACL
_j1811-F-5
999 _c119623
_d119623